| 000 | 00682nam a2200181Ia 4500 | ||
|---|---|---|---|
| 008 | 100917s9999 xx 000 0 und d | ||
| 082 | _b51242 | ||
| 100 | _aखांडेकर भालचंद्र / अदवंत म. ना. - संपा. | ||
| 245 | _aज्ञानेश्वरी अध्याय 16 वा | ||
| 260 |
_bअनमोल प्रकाशन _c1978 |
||
| 300 | _a179 | ||
| 365 | _b12 | ||
| 520 | _aअध्यात्म | ||
| 630 | _aज्ञानेश्वरी अध्याय 16 वा | ||
| 650 | _aअध्यात्म | ||
| 730 | _aज्ञानेश्वरी अध्याय 16 वा | ||
| 942 | _cBOOK | ||
| 999 |
_c656636 _d656633 |
||